Discurso pronunciado en la solemne inauguración del curso de 1853 a 1854 en el Real Instituto Industrial / (Registro nro. 163714)
[ vista simple ]
| 000 -LEADER | |
|---|---|
| campo de control de longitud fija | 00646nam a2200157 i 4500 |
| 001 - NÚMERO DE CONTROL | |
| campo de control | 163714 |
| 003 - IDENTIFICADOR DE NÚMERO DE CONTROL | |
| campo de control | ES-MaACL |
| 005 - FECHA Y HORA DE LA ÚLTIMA TRANSACCIÓN | |
| campo de control | 20251012063055.0 |
| 008 - DATOS DE LONGITUD FIJA--INFORMACIÓN GENERAL | |
| campo de control de longitud fija | 990701s1853 sp d |||| | spa d |
| 100 1# - ENTRADA PRINCIPAL--NOMBRE DE PERSONA | |
| Nombre de persona | Rodríguez, Eduardo, |
| Fechas asociadas al nombre | 1815-1881 |
| 9 (RLIN) | 175901 |
| 245 10 - MENCIÓN DEL TÍTULO | |
| Título | Discurso pronunciado en la solemne inauguración del curso de 1853 a 1854 en el Real Instituto Industrial / |
| Mención de responsabilidad, etc. | por el doctor en ciencias Don Eduardo Rodríguez. |
| 260 ## - PUBLICACIÓN, DISTRIBUCIÓN, ETC. | |
| Lugar de publicación, distribución, etc. | Madrid : |
| Nombre del editor, distribuidor, etc. | [s.n.], |
| Fecha de publicación, distribución, etc. | 1853 ( |
| Fabricante | Imp. de José María Ducazcal) |
| 300 ## - DESCRIPCIÓN FÍSICA | |
| Extensión | 15 p. ; |
| Dimensiones | 26 cm. |
| 852 4# - LOCALIZACIÓN | |
| Ubicación | ES-MaACL |
| Número de control de estantería | T-47-F-6 |
| Nota libre | - Enc. hol. |
| -- | - Enc. en un vol. facticio |
| Estatus retirado | Estado de pérdida | Estado de daño | No para préstamo | Colección | Biblioteca de origen | Biblioteca actual | Ubicación en estantería | Fecha de adquisición | Total de préstamos | Signatura topográfica completa | Código de barras | Visto por última vez | Precio de reemplazo | Tipo de ítem Koha |
|---|---|---|---|---|---|---|---|---|---|---|---|---|---|---|
| Colección de folletos | Biblioteca del Ateneo de Madrid | Biblioteca del Ateneo de Madrid | Depósito folletos | 17/01/2008 | T-47-F-6 | 1171560 | 23/02/2023 | 23/02/2023 | Folleto |
